| 000 | 00729nam a22001937a 4500 | ||
|---|---|---|---|
| 005 | 20100727162859.0 | ||
| 010 | _aENG-97193 | ||
| 020 |
_a9788188555338 _c650.00 |
||
| 035 | _aEN-80726 | ||
| 037 | _bDBAD/PUB | ||
| 082 | _a361.1 | ||
| 245 |
_aStudies in inequality and social justice : _bessays in honor of Ved Pakash Vatuk / _cedited by Kira Hall |
||
| 260 |
_aMeerut _bArchana publications _c2009 |
||
| 270 |
_a57-A, New Arya Nagar, Jail Road _bMeerut _e250004 |
||
| 300 |
_axlvi, 449 p. _c21 Cm (Hb) |
||
| 700 |
_aHall, Kira _91949 |
||
| 942 |
_2ddc _cEN _h361.1 _mSTU |
||
| 999 |
_c37994 _d37994 |
||